01206nam a22002657a 4500003000400000005001700004007000300021008003900024020001800063040002600081082003200107100004700139245013100186260010300317300004600420500005700466590002600523610008000549651006600629651007100695910001600766942001200782952012900794999001700923OSt20220310102404.0ta210219b2020 dr acd|g || 00| 0dspa d a9789945484397 aDO-SdBNPbspacBPMSU  a380.9729374bS944o 20202221 aSuero Espinal , Juan Héctor.d1941-2018.10aOrigen y evolución de la Cámara de Comercio y producción de la provincia San Cristóbal /cJuan Héctor Suero Espinal  aSan Cristóbal :bCámara de Comercio y Producción de la Provincia San Cristóbal, c2020.b  a344 p. :bil., grafcs., retrs. ;c22 cm. aIncluye datos biográficos del autor en las solapas aInventariado, 2022/VM 4aCámara de Comercio de San Cristóbal (República Dominicana)xHistoria  4aSan Cristóbal (República Dominicana)xComercioxHistoria 4aSan Cristóbal (República Dominicana)xCondiciones económicas a VMateo V.  2ddccBK 00102ddc40708CDaBPMETbBPMETd2022-03-10l0oBPMSU CD 380.9729374 S944o 2020pBPMSU22030019r2022-03-10w2022-03-10yBK c14059d14059